100 Most Streamed Alternative Songs on Spotify - Statistics

General Stats
  • This quiz has been taken 26 times
  • The average score is 31 of 100
Answer Stats
Rank Artist Song % Correct
5. Coldplay Viva La Vida
76%
3. Coldplay Yellow
76%
1. Glass Animals Heat Waves
71%
17. Imagine Dragons Radioactive
71%
22. Twenty One Pilots Heathens
65%
80. Cigarettes After Sex K.
65%
8. Twenty One Pilots Stressed Out
65%
9. Billie Eilish bad guy
59%
7. Imagine Dragons Thunder
59%
4. Tom Odell Another Love
53%
65. Cigarettes After Sex Cry
53%
57. Florence + The Machine Dog Days Are Over
53%
11. Foster The People Pumped Up Kicks
53%
42. Kate Bush Running Up That Hill
53%
69. Pixies Where Is My Mind?
53%
52. The Verve Bitter Sweet Symphony
47%
12. Djo End Of Beginning
47%
29. Imagine Dragons, JID Enemy
47%
18. Gorillaz, De La Soul Feel Good Inc
47%
83. MGMT Kids
47%
31. R.E.M. Losing My Religion
47%
20. Twenty One Pilots Ride
47%
55. Lorde Royals
47%
13. Gotye, Kimbra Somebody That I Used To Know
47%
19. Lana Del Rey Summertime Sadness
47%
14. Tame Impala The Less I Know The Better
47%
15. Cigarettes After Sex Apocalypse
41%
46. sombr back to friends
41%
6. Imagine Dragons Demons
41%
91. Lola Young Messy
41%
27. Bastille Pompeii
41%
97. Mac DeMarco Chamber Of Reflection
35%
59. Cage The Elephant Cigarette Daydreams
35%
56. Coldplay Clocks
35%
40. David Kushner Daylight
35%
70. Men At Work Down Under
35%
41. Portugal. The Man Feel It Still
35%
50. Imagine Dragons Natural
35%
49. The Neighbourhood Softcore
35%
48. Beach House Space Song
35%
79. Mitski Washing Machine Heart
35%
47. girl in red we fell in love in october
35%
67. Dominic Fike 3 Nights
29%
53. Coldplay Adventure Of A Lifetime
29%
93. Tame Impala Borderline
29%
86. Gorillaz, Del The Funky Homosapien Clint Eastwood
29%
25. The Neighbourhood Daddy Issues
29%
64. Radiohead No Surprises
29%
72. AURORA Runaway
29%
10. Keane Somewhere Only We Know
29%
28. Coldplay Sparks
29%
32. Milky Chance Stolen Dance
29%
33. Eurythmics Sweet Dreams (Are Made Of This)
29%
89. Soft Cell Tainted Love
29%
60. Lana Del Rey Video Games
29%
39. Imagine Dragons Bones
24%
99. The Cure Boys Don’t Cry
24%
92. Lana Del Rey Brooklyn Baby
24%
85. Billie Eilish CHIHIRO
24%
88. Mazzy Star Fade Into You
24%
54. Artemas i like the way you kiss me
24%
62. Billie Eilish i love you
24%
16. The Walters I Love You So
24%
2. Arctic Monkeys I Wanna Be Yours
24%
44. TV Girl Lovers Rock
24%
34. Mitski My Love Mine All Mine
24%
100 Lana Del Rey Say Yes To Heaven
24%
96. Natalie Imbruglia Torn
24%
87. TV Girl Cigarettes Out The Window
18%
21. Olivia Rodrigo deja vu
18%
24. Billie Eilish everything i wanted
18%
38. d4vd Here With Me
18%
76. Eyedress Jealous
18%
74. SZA Nobody Gets Me
18%
73. Imagine Dragons On Top Of The World
18%
36. d4vd Romantic Homicide
18%
37. Capital Cities Safe And Sound
18%
51. The Weeknd, Lana Del Rey Stargirl Interlude
18%
78. Cigarettes After Sex Sunsetz
18%
75. Lana Del Rey West Coast
18%
26. Lana Del Rey Young And Beautiful
18%
90. Wallows, Clairo Are You Bored Yet?
12%
77. Lana Del Rey Cinnamon Girl
12%
63. Jaymes Young Infinity
12%
71. Olivia Rodrigo jealousy, jealousy
12%
61. Patrick Watson Je Te Laisserai Des Mots
12%
35. XXXTENTACION Revenge
12%
58. Beach Weather Sex, Drugs, Etc.
12%
45. Hotel Ugly Shut Up My Moms Calling
12%
98. Kenya Grace Strangers
12%
81. GROUPLOVE Tongue Tied
12%
95. Frank Ocean White Ferrari
12%
94. Chris Isaak Wicked Game
12%
30. Billie Eilish WILDFLOWER
12%
84. Billie Eilish bury a friend
6%
43. Lil Peep, XXXTENTACION Falling Down
6%
82. Chase Atlantic Friends
6%
66. Frank Ocean Ivy
6%
68. TV Girl Not Allowed
6%
23. Billie Eilish ocean eyes
6%
No matching quizzes found
Score Distribution
Percent of People with Each Score
Percentile by Number Answered
Your Score History
You have not taken this quiz